header

The wounded animal (Record no. 246223)

MARC details
000 -LEADER
fixed length control field 01554nam a2200373 a 4500
082 04 - DEWEY DECIMAL CLASSIFICATION NUMBER
Classification number 823/.914
100 1# - MAIN ENTRY--AUTHOR NAME
Personal name Mulhall, Stephen,
245 14 - TITLE STATEMENT
Title The wounded animal
260 ## - PUBLICATION, DISTRIBUTION, ETC. (IMPRINT)
Place of publication Princeton :
Name of publisher Princeton University Press,
Year of publication c2009.
300 ## - PHYSICAL DESCRIPTION
Number of Pages x, 259 p.
505 0# - FORMATTED CONTENTS NOTE
Formatted contents note The lives of animals -- Elizabeth Costello.
650 #0 - SUBJECT ADDED ENTRY--TOPICAL TERM
Topical Term Philosophy in literature.
Topical Term Animals (Philosophy)
Topical Term Literature
856 40 - ELECTRONIC LOCATION AND ACCESS
Uniform Resource Identifier http://site.ebrary.com/lib/rucke/Doc?id=10442071

No items available.

© 2026 Rongo University
Contact us: librarian | system librarian | Rongo university